000 00617nam a2200217Ia 4500
001 21763
003 GE_BSU
008 181216s||||||||xx |||||||||||||| ||und||
040 _cGE_BSU
245 _aХимия и жизнь-XX век. №12. 2017
245 _cГл.ред.Стельникова Л.Н.
260 _aМосква
260 _bНаука Пресс
260 _c2017
300 _a64 стр. 30см. илл.
653 _aПериодика
653 _aХимия и жизнь-XX век. №12. 2017
653 _aპერიოდიკა
653 _aქიმია
942 _cCR
999 _c54696
_d54696